Die besten Torschützen in der Geschichte von Benfica Lissabon - Statistiken

Allgemein
  • Dieses Quiz wurde 20 mal gespielt
  • Das Durchschnittsergebnis liegt bei 2 aus 10
Antwortstatistiken
Tore Nationalität Spieler % Korrekt
473 Portugal Eusebio
100%
172 Paraguay Óscar Cardozo
40%
166 Portugal Nuno Gomes
30%
379 Portugal José Águas
10%
175 Portugal José Augusto
10%
359 Portugal Nené
10%
220 Portugal Arsénio
5%
226 Portugal José Torres
5%
202 Portugal Julinho
5%
205 Portugal Rogério Pipi
5%
Keine übereinstimmenden Quizze gefunden
Verteilung der Resultate
Anzahl Personen mit jedem Resultat
Perzentil nach korrekt beantworteten Fragen
Ihre Resultats-Entwicklung
Sie haben dieses Quiz noch nicht gespielt